000 00534nam a2200181 i 4500
001 63085
003 ES-MaACL
005 20250702063045.0
007 t|
008 031128s1969 sp ||||1| spa d
100 1 _aFernández de la Reguera, Ricardo,
_d1916-2000
_949675
245 1 0 _aCuerpo a tierra /
_cpor Ricardo Fernández de la Reguera.
250 _a[1ª ed.].
260 _aBarcelona :
_bPlaza y Janés,
_c[1969]
300 _a412 p. ;
_c20 cm.
852 _aES-MaACL
_jC-39798
_bR.70403
999 _c63085
_d63085